1er Congreso Latinoamericano de Formación Académica en Música Popular: abordaje de la música popular en el ámbito académico. Conflictos, debates, aportes, dicotomías, opiniones, sugerencias, experiencias, expectativas, logros. Programas y resúmenes de ponencias
Uloženo v:
| Hlavní autor: | |
|---|---|
| Médium: | Kniha |
| Jazyk: | španělština |
| Vydáno: |
Córdoba
Universidad Nacional de Villa María
2007
|
| Témata: | |
| Tagy: |
Přidat tag
Žádné tagy, Buďte první, kdo vytvoří štítek k tomuto záznamu!
|
MARC
| LEADER | 00000cam a2200000 a 4500 | ||
|---|---|---|---|
| 001 | UCF1363 | ||
| 003 | CL-VaPUC | ||
| 005 | 20210818074450.0 | ||
| 008 | 120629e20070000ag 1 spa d | ||
| 082 | 0 | 4 | |a 780.711 |b ABA |2 21 |
| 100 | 1 | |a Aballay, Silvia Irene |e author |9 621896 | |
| 245 | 1 | 0 | |a 1er Congreso Latinoamericano de Formación Académica en Música Popular: abordaje de la música popular en el ámbito académico. Conflictos, debates, aportes, dicotomías, opiniones, sugerencias, experiencias, expectativas, logros. Programas y resúmenes de ponencias |
| 260 | |a Córdoba |b Universidad Nacional de Villa María |c 2007 | ||
| 300 | |a 63 p | ||
| 583 | |a last modification |c 20190910 10:44:02 |k Rodrigo Vera | ||
| 650 | 0 | 0 | |a Música popular |9 356085 |
| 650 | 0 | 0 | |a Educación superior |9 223851 |
| 942 | |c BK | ||
| 945 | |a dcastane |d 20120629 00:00:00 | ||
| 546 | |a En Español | ||
| 536 | |a Universidad Nacional de Villa María | ||
| 518 | |p Congreso Latinoamericano de Formación Académica en Música Popular, 1, Córdoba-Argentina, 16-19 de mayo de 2007 | ||
| 999 | |c 384683 |d 384681 | ||
| 952 | |0 0 |1 0 |4 0 |6 780_711000000000000_ABA_2007 |7 0 |8 X |9 507552 |a FDOMLP |b FDOMLP |d 2020-01-23 |i 4811097 |o 780.711 ABA 2007 |p 4811097 |r 2020-01-23 |w 2020-01-23 |y BK_X |k BU2 | ||
| 952 | |0 0 |1 0 |4 0 |6 780_711000000000000_ABA_2007 |7 0 |8 X |9 507553 |a FDOMLP |b FDOMLP |d 2020-01-23 |h cd |i 4811100 |o 780.711 ABA 2007 |p 4811100 |r 2020-01-23 |w 2020-01-23 |y BK_X |k BU2 | ||